[Event "New York Marshall IM-D 07"]
[Site "New York"]
[Date "2025.07.13"]
[Round "8"]
[White "Tang, Dylan"]
[Black "Liu, Liam"]
[Result "1/2-1/2"]
[WhiteElo "2249"]
[BlackElo "1926"]
[PlyCount "111"]
[EventDate "2025.07.09"]
[EventType "tourn"]
[EventRounds "9"]
[EventCountry "USA"]
[SourceTitle "CB29_2025"]
[SourceDate "2025.07.16"]
[SourceVersion "1"]
[SourceVersionDate "2025.07.16"]
[SourceQuality "1"]

1. e4 c6 2. Nf3 d5 3. d3 dxe4 4. dxe4 Qxd1+ 5. Kxd1 Bg4 6. Be2 Bxf3 7. Bxf3 Nd7 8. Nd2 g6 9. c3 h5 10. Kc2 Bh6 11. Be2 Ngf6 12. f3 0-0-0 13. a4 Kc7 14. b3 Ne8 15. Rd1 Nd6 16. Ba3 h4 17. a5 Rhe8 18. Nf1 Bg7 19. Bc1 Rh8 20. Be3 Nc8 21. Bf2 g5 22. Ne3 Ne5 23. Nf5 Bf6 24. b4 Rxd1 25. Rxd1 Rd8 26. Rg1 e6 27. Nd4 Ng6 28. Be3 Rh8 29. Ra1 Nf4 30. Bf1 Be5 31. Nb3 Rg8 32. Nd2 Nh5 33. Bg1 Bf4 34. Be2 Rd8 35. Rd1 Kb8 36. Nf1 Rxd1 37. Kxd1 Kc7 38. Bf2 Be5 39. Be1 Nf4 40. g3 Nxe2 41. Kxe2 hxg3 42. hxg3 b6 43. axb6+ axb6 44. Kd3 Nd6 45. Bd2 Bf6 46. Ne3 Be5 47. Nf1 Bf6 48. Nh2 Be7 49. Ng4 f5 50. Nf2 Nf7 51. f4 gxf4 52. Bxf4+ Bd6 53. exf5 Bxf4 54. gxf4 exf5 55. Kd4 Kd6 56. c4 1/2-1/2

[Event "New York Marshall IM-D 07"]
[Site "New York"]
[Date "2025.07.12"]
[Round "7"]
[White "Tang, Dylan"]
[Black "Bortnyk, Mykola"]
[Result "1-0"]
[WhiteElo "2249"]
[BlackElo "2381"]
[PlyCount "135"]
[EventDate "2025.07.09"]
[EventType "tourn"]
[EventRounds "9"]
[EventCountry "USA"]
[SourceTitle "CB29_2025"]
[SourceDate "2025.07.16"]
[SourceVersion "1"]
[SourceVersionDate "2025.07.16"]
[SourceQuality "1"]

1. e4 c5 2. Nf3 e6 3. d4 cxd4 4. Nxd4 a6 5. c4 Nf6 6. Nc3 Bb4 7. Qf3 d6 8. Nc2 Bxc3+ 9. Qxc3 0-0 10. Bd3 Nbd7 11. 0-0 Nc5 12. f3 Bd7 13. Be3 Rc8 14. Rfd1 b5 15. Bf1 Qe7 16. Qd2 Nb7 17. Na3 bxc4 18. Nxc4 Bb5 19. Nxd6 Rcd8 20. Bxb5 axb5 21. e5 Nd5 22. Bg5 f6 23. Nxb7 Qxb7 24. exf6 gxf6 25. Bh6 Rfe8 26. Qf2 Kh8 27. Re1 Qf7 28. Rad1 b4 29. a3 Qg6 30. Bd2 b3 31. Rc1 e5 32. h3 Rg8 33. Kh2 Qf5 34. Re4 Rd7 35. Rcc4 Qe6 36. Bc3 Rdg7 37. Rg4 Nf4 38. Rcxf4 exf4 39. Qh4 Rg6 40. Rxg6 Rxg6 41. Qxf4 h6 42. Qd4 Kh7 43. Qd3 h5 44. a4 f5 45. Kh1 Rg8 46. a5 Kg6 47. Qd4 Qc6 48. Qe5 h4 49. Kh2 Qd7 50. Qf6+ Kh5 51. Be1 Qc7+ 52. Kh1 Qd7 53. Qxh4+ Kg6 54. Bc3 Qd5 55. Qf6+ Kh7 56. Qe7+ Kh6 57. Qh4+ Kg6 58. Qf6+ Kh7 59. a6 Qd1+ 60. Kh2 Qd7 61. Qh4+ Kg6 62. Qf6+ Kh7 63. a7 Qxa7 64. Qxf5+ Rg6 65. h4 Qc7+ 66. Kh1 Qc4 67. Qd7+ Kh6 68. Bd2+ 1-0

[Event "Las Vegas National op"]
[Site "Las Vegas"]
[Date "2025.06.06"]
[Round "5"]
[White "Tang, Dylan"]
[Black "Nyzhnyk, Illya"]
[Result "1/2-1/2"]
[WhiteElo "2236"]
[BlackElo "2576"]
[PlyCount "76"]
[EventDate "2025.06.04"]
[EventType "swiss"]
[EventRounds "9"]
[EventCountry "USA"]
[SourceTitle "CB24_2025"]
[SourceDate "2025.06.11"]
[SourceVersion "1"]
[SourceVersionDate "2025.06.11"]
[SourceQuality "1"]

1. e4 c6 2. Nf3 d5 3. d3 Bg4 4. h3 Bxf3 5. Qxf3 e6 6. g3 Nf6 7. Bg2 Be7 8. 0-0 0-0 9. Qe2 Nbd7 10. Nd2 Kh8 11. c3 Ng8 12. Nf3 a5 13. Bf4 a4 14. Rad1 Qa5 15. Qc2 b5 16. Ne5 Nxe5 17. Bxe5 Rad8 18. a3 Nf6 19. Bxf6 Bxf6 20. exd5 exd5 21. d4 Rde8 22. Qd2 Qd8 23. Rde1 Rxe1 24. Rxe1 Re8 25. Kf1 Rxe1+ 26. Qxe1 g6 27. h4 h5 28. Qe2 Kg7 29. Bf3 Qe7 30. Qxe7 Bxe7 31. Bg2 f5 32. f4 Kf6 33. Ke2 Ke6 34. Kd3 Kd6 35. Bf3 Bf6 36. Bg2 Be7 37. Bf3 Bf6 38. Bg2 Be7 1/2-1/2

[Event "Bellevue PNWCC IM 04"]
[Site "Bellevue"]
[Date "2025.04.05"]
[Round "8"]
[White "Tang, Dylan"]
[Black "Cruz, Cristhian"]
[Result "1/2-1/2"]
[WhiteElo "2223"]
[BlackElo "2478"]
[PlyCount "40"]
[EventDate "2025.04.01"]
[EventType "tourn"]
[EventRounds "9"]
[EventCountry "USA"]
[EventCategory "2"]
[SourceTitle "CB15_2025"]
[SourceDate "2025.04.09"]
[SourceVersion "1"]
[SourceVersionDate "2025.04.09"]
[SourceQuality "1"]

1. e4 e6 2. d4 d5 3. Nc3 Nf6 4. Bg5 dxe4 5. Nxe4 Be7 6. Bxf6 gxf6 7. Nf3 f5 8. Nc3 a6 9. g3 b5 10. Bg2 Bb7 11. 0-0 b4 12. Ne2 Nd7 13. Nf4 Bd6 14. Nd3 0-0 15. Qe2 a5 16. Rad1 Qe7 17. Nfe5 Bxg2 18. Kxg2 Bxe5 19. Nxe5 Nxe5 20. Qxe5 Qd6 1/2-1/2

[Event "Bellevue PNWCC IM 04"]
[Site "Bellevue"]
[Date "2025.04.04"]
[Round "6"]
[White "Tang, Dylan"]
[Black "Degenbaev, Aziz"]
[Result "1-0"]
[WhiteElo "2223"]
[BlackElo "2289"]
[PlyCount "87"]
[EventDate "2025.04.01"]
[EventType "tourn"]
[EventRounds "9"]
[EventCountry "USA"]
[EventCategory "2"]
[SourceTitle "CB15_2025"]
[SourceDate "2025.04.09"]
[SourceVersion "1"]
[SourceVersionDate "2025.04.09"]
[SourceQuality "1"]

1. e4 e5 2. Nf3 Nc6 3. Bb5 a6 4. Ba4 Nf6 5. 0-0 b5 6. Bb3 Bb7 7. Re1 Bc5 8. c3 0-0 9. d4 Bb6 10. Be3 exd4 11. cxd4 d5 12. e5 Ne4 13. Nc3 Na5 14. Bc2 Nc4 15. Bc1 c5 16. Nxe4 dxe4 17. Bxe4 Bxe4 18. Rxe4 cxd4 19. b3 Na5 20. Bg5 Qd5 21. Rg4 Qe6 22. h3 Kh8 23. Qd3 Nc6 24. Re1 Rac8 25. Ree4 Rfe8 26. Qd2 Bc5 27. Rh4 Qg6 28. Qe1 Nb4 29. Bd2 Nc2 30. Qe2 Red8 31. Ng5 h6 32. e6 f5 33. Nf7+ Kg8 34. Nxh6+ gxh6 35. Rxh6 Qg7 36. Reh4 d3 37. Rh8+ Qxh8 38. Rxh8+ Kxh8 39. Qh5+ Kg7 40. Qf7+ Kh8 41. Bg5 Bd4 42. Bxd8 d2 43. Qh5+ Kg8 44. e7 1-0

[Event "Bellevue PNWCC IM 04"]
[Site "Bellevue"]
[Date "2025.04.02"]
[Round "3"]
[White "Tang, Dylan"]
[Black "Lee, Megan Shuen Hui"]
[Result "1/2-1/2"]
[WhiteElo "2223"]
[BlackElo "2230"]
[PlyCount "62"]
[EventDate "2025.04.01"]
[EventType "tourn"]
[EventRounds "9"]
[EventCountry "USA"]
[EventCategory "2"]
[SourceTitle "CB15_2025"]
[SourceDate "2025.04.09"]
[SourceVersion "1"]
[SourceVersionDate "2025.04.09"]
[SourceQuality "1"]

1. e4 e5 2. Nf3 Nc6 3. Bc4 Nf6 4. d3 Bc5 5. 0-0 a6 6. c3 d6 7. a4 Ba7 8. Re1 h6 9. Nbd2 Be6 10. Bxe6 fxe6 11. Nf1 0-0 12. h3 a5 13. Ng3 Ne7 14. d4 exd4 15. cxd4 Nc6 16. Be3 d5 17. Qb3 Qc8 18. Ne5 Nxd4 19. Qd3 Nc6 20. Nxc6 bxc6 21. Rac1 Qb7 22. exd5 cxd5 23. Bxa7 Rxa7 24. Rxe6 Qxb2 25. Rec6 Qe5 26. Qg6 Rf7 27. Nf5 Qf4 28. Rb1 Ne8 29. Rb8 Rxf5 30. Rxe8+ Rf8 31. Qe6+ Qf7 1/2-1/2

[Event "Titled Tuesday intern op 01st Apr Late"]
[Site "Chess.com INT"]
[Date "2025.04.01"]
[Round "5"]
[White "Bogoevski, Jani"]
[Black "Tang, Dylan"]
[Result "0-1"]
[WhiteElo "2144"]
[BlackElo "2223"]
[PlyCount "84"]
[EventDate "2025.04.01"]
[EventType "swiss (blitz)"]
[EventRounds "11"]
[EventCountry "USA"]
[SourceTitle "CB15_2025"]
[SourceDate "2025.04.09"]
[SourceVersion "1"]
[SourceVersionDate "2025.04.09"]
[SourceQuality "1"]

1. d4 Nf6 2. Nf3 d5 3. c4 e6 4. g3 Bb4+ 5. Bd2 Be7 6. Bg2 0-0 7. 0-0 c6 8. Qc2 Nbd7 9. Bf4 b6 10. Rd1 Bb7 11. b3 Rc8 12. Nc3 c5 13. dxc5 Bxc5 14. Ne5 Nxe5 15. Bxe5 Qe7 16. e3 dxc4 17. Bxf6 gxf6 18. Bxb7 Qxb7 19. bxc4 Rfd8 20. Ne4 Be7 21. Rac1 f5 22. Nd2 Qc6 23. Qb3 Kg7 24. a4 a5 25. Rb1 Bb4 26. Rb2 Rd7 27. Rc2 Rcd8 28. h4 f6 29. Qb2 Qxa4 30. Kf1 Qa3 31. Qxa3 Bxa3 32. Ke2 Bb4 33. f3 h5 34. Ra2 Kf7 35. Rb2 Ke7 36. Rc2 a4 37. Rb2 Ba5 38. Ra2 Rd3 39. Rb2 a3 40. Ra2 Rxd2+ 41. Rdxd2 Rxd2+ 42. Rxd2 Bxd2 0-1

[Event "Titled Tuesday intern op 01st Apr Late"]
[Site "Chess.com INT"]
[Date "2025.04.01"]
[Round "6"]
[White "Tang, Dylan"]
[Black "Krzywda, Andrzej"]
[Result "0-1"]
[WhiteElo "2223"]
[BlackElo "2170"]
[PlyCount "106"]
[EventDate "2025.04.01"]
[EventType "swiss (blitz)"]
[EventRounds "11"]
[EventCountry "USA"]
[SourceTitle "CB15_2025"]
[SourceDate "2025.04.09"]
[SourceVersion "1"]
[SourceVersionDate "2025.04.09"]
[SourceQuality "1"]

1. e4 c5 2. Nf3 d6 3. d4 cxd4 4. Nxd4 Nf6 5. f3 a6 6. c4 e6 7. Nc3 Nbd7 8. Be3 Qc7 9. Be2 b6 10. 0-0 Bb7 11. Rc1 Rc8 12. Qd2 Be7 13. Rfd1 0-0 14. b4 Qb8 15. Nb3 Rfe8 16. a3 d5 17. cxd5 exd5 18. Bf4 Bd6 19. Bxd6 Qxd6 20. exd5 Ne5 21. Nd4 g6 22. Ne4 Nxe4 23. fxe4 Rcd8 24. Qc3 Re7 25. Nf3 Ng4 26. Bd3 Qf4 27. Re1 Rc8 28. Qd2 Qd6 29. Rxc8+ Bxc8 30. Rc1 Bd7 31. h3 Ne5 32. Nxe5 Qxe5 33. Qe3 Qxd5 34. exd5 Rxe3 35. Bxa6 Rxa3 36. Bc8 Bxc8 37. Rxc8+ Kg7 38. Rc6 Rd3 39. d6 b5 40. Rb6 Kf6 41. Kf2 Ke6 42. d7+ Kxd7 43. Rxb5 Ke6 44. Rb7 h5 45. b5 Rb3 46. h4 f6 47. b6 Kf5 48. g3 g5 49. hxg5 fxg5 50. Rb8 Kg4 51. b7 Rb2+ 52. Kg1 Kxg3 53. Rg8 Rb1# 0-1

[Event "Titled Tuesday intern op 11th Feb Early"]
[Site "Chess.com INT"]
[Date "2025.02.11"]
[Round "3"]
[White "Anishka, Vikram"]
[Black "Tang, Dylan"]
[Result "1-0"]
[WhiteElo "1852"]
[BlackElo "2287"]
[PlyCount "83"]
[EventDate "2025.02.11"]
[EventType "swiss (blitz)"]
[EventRounds "11"]
[EventCountry "USA"]
[SourceTitle "CB09_2025"]
[SourceDate "2025.02.27"]
[SourceVersion "1"]
[SourceVersionDate "2025.02.27"]
[SourceQuality "1"]

1. d4 Nf6 2. c4 e6 3. Nc3 Bb4 4. e3 d5 5. Nf3 0-0 6. Bd2 Nbd7 7. Bd3 b6 8. cxd5 exd5 9. 0-0 Bb7 10. Ne5 Be7 11. f4 c5 12. Qf3 Re8 13. Be1 Nf8 14. Bb5 N6d7 15. Qh5 g6 16. Qh3 Bc8 17. f5 cxd4 18. exd4 Nxe5 19. Bxe8 Qxe8 20. dxe5 Bc5+ 21. Kh1 Qxe5 22. Bg3 Qf6 23. Nxd5 Qc6 24. Rad1 Bxf5 25. Rxf5 gxf5 26. Qxf5 Rd8 27. Qg5+ Qg6 28. Qxd8 Qc2 29. Rf1 Qe2 30. Qf6 Qh5 31. Ne7+ Bxe7 32. Qxe7 Ne6 33. h3 Kg7 34. Qf6+ Kf8 35. Rc1 Nc5 36. Bd6+ Kg8 37. Re1 Ne6 38. Be5 Kf8 39. Bd6+ Kg8 40. Rc1 Nc5 41. Be5 Kf8 42. Qd8# 1-0

[Event "Titled Tuesday intern op 11th Feb Early"]
[Site "Chess.com INT"]
[Date "2025.02.11"]
[Round "2"]
[White "Atanasov, Anthony"]
[Black "Tang, Dylan"]
[Result "1-0"]
[WhiteElo "2423"]
[BlackElo "2287"]
[PlyCount "67"]
[EventDate "2025.02.11"]
[EventType "swiss (blitz)"]
[EventRounds "11"]
[EventCountry "USA"]
[SourceTitle "CB09_2025"]
[SourceDate "2025.02.27"]
[SourceVersion "1"]
[SourceVersionDate "2025.02.27"]
[SourceQuality "1"]

1. d4 Nf6 2. Bf4 d5 3. e3 Bf5 4. Nf3 e6 5. c4 Bxb1 6. Qa4+ Nc6 7. Rxb1 Bb4+ 8. Kd1 Bd6 9. Bg5 dxc4 10. Bxc4 0-0 11. Ke2 a6 12. Qc2 h6 13. Bh4 Rc8 14. Rhd1 Be7 15. a3 Nd5 16. Bg3 Bd6 17. Rbc1 Bxg3 18. hxg3 Nce7 19. Ba2 c6 20. Bb1 Nf6 21. Ne5 Qb6 22. Nd7 Qb5+ 23. Ke1 Rfd8 24. Nxf6+ gxf6 25. Qh7+ Kf8 26. Qxh6+ Ke8 27. Bd3 Qxb2 28. Rb1 Qc3+ 29. Kf1 b5 30. Qxf6 c5 31. Qh8+ Kd7 32. Bxb5+ axb5 33. dxc5+ Nd5 34. Qxc3 1-0

[Event "US Masters op"]
[Site "Charlotte"]
[Date "2024.11.27"]
[Round "1"]
[White "Tang, Dylan"]
[Black "Nyzhnyk, Illya"]
[Result "0-1"]
[WhiteElo "2192"]
[BlackElo "2576"]
[PlyCount "140"]
[EventDate "2024.11.27"]
[EventType "swiss"]
[EventRounds "9"]
[EventCountry "USA"]
[SourceTitle "CB49_2024"]
[SourceDate "2024.12.04"]
[SourceVersion "1"]
[SourceVersionDate "2024.12.04"]
[SourceQuality "1"]

1. e4 c5 2. Nf3 d6 3. d4 cxd4 4. Nxd4 Nf6 5. Nc3 a6 6. Be2 e6 7. Be3 Nbd7 8. g4 h6 9. Qd2 b5 10. a3 Bb7 11. f3 Rc8 12. 0-0-0 d5 13. exd5 Nxd5 14. Nxd5 Bxd5 15. Kb1 Ne5 16. Rhe1 Nc4 17. Bxc4 Bxc4 18. h4 Be7 19. g5 h5 20. b3 Bd5 21. Nf5 exf5 22. Qxd5 Qxd5 23. Rxd5 0-0 24. Bc1 Bc5 25. Rxf5 Bf2 26. Re4 Rfe8 27. Rff4 Bg3 28. Rxe8+ Rxe8 29. Rd4 Bf2 30. Rd2 Bxh4 31. Rh2 Bg3 32. Rxh5 Re1 33. Kb2 Be5+ 34. c3 Re2+ 35. Kb1 Bxc3 36. Rh3 f5 37. gxf6 Bxf6 38. a4 Kf7 39. Rh5 g5 40. Rh7+ Kg6 41. Ra7 bxa4 42. bxa4 Rf2 43. Rxa6 Rxf3 44. Bxg5 Kxg5 45. Rc6 Ra3 46. Rc4 Kf5 47. Kc2 Be5 48. Rb4 Ke6 49. a5 Kd5 50. Rb5+ Ke4 51. Rc5 Bd4 52. Rb5 Rc3+ 53. Kd2 Rc4 54. Rb3 Ra4 55. Rh3 Ra2+ 56. Kc1 Be3+ 57. Kb1 Rxa5 58. Kc2 Rc5+ 59. Kb3 Kd3 60. Kb4 Rf5 61. Rg3 Rf6 62. Ka5 Re6 63. Kb5 Rb6+ 64. Ka5 Rb3 65. Ka4 Rb8 66. Rh3 Kc4 67. Ka3 Bd4 68. Ka2 Rb2+ 69. Ka3 Rg2 70. Rf3 Bc5+ 0-1

[Event "Charlotte Fall IM-A"]
[Site "Charlotte"]
[Date "2024.11.26"]
[Round "9"]
[White "Asavasaetakul, Chawit"]
[Black "Tang, Dylan"]
[Result "1/2-1/2"]
[WhiteElo "2009"]
[BlackElo "2192"]
[PlyCount "99"]
[EventDate "2024.11.22"]
[EventType "tourn"]
[EventRounds "9"]
[EventCountry "USA"]
[EventCategory "1"]
[SourceTitle "CB49_2024"]
[SourceDate "2024.12.04"]
[SourceVersion "1"]
[SourceVersionDate "2024.12.04"]
[SourceQuality "1"]

1. Nf3 d5 2. e3 Nf6 3. c4 e6 4. b3 Bd6 5. Bb2 0-0 6. Nc3 Re8 7. Qc2 a6 8. h4 Nbd7 9. g4 e5 10. cxd5 Nxg4 11. Ng5 g6 12. Bh3 Nf8 13. f3 Nf6 14. 0-0-0 Be7 15. f4 exf4 16. e4 c6 17. d6 Bxd6 18. d4 Be7 19. d5 cxd5 20. e5 Ng4 21. e6 Bxg5 22. Bxg4 Bxe6 23. Bxe6 fxe6 24. hxg5 Qxg5 25. Rdg1 Qe7 26. Qe2 d4 27. Ne4 e5 28. Ng5 Rac8+ 29. Kb1 Qd7 30. Ne4 Qe7 31. Ka1 Rc6 32. Ng5 Rd8 33. Qe4 Qd6 34. Nf3 Qd5 35. Qxe5 Qxf3 36. Bxd4 Rxd4 37. Qxd4 Ne6 38. Rxg6+ hxg6 39. Qh8+ Kf7 40. Rh7+ Ng7 41. Qxg7+ Ke6 42. Qxg6+ Kd5 43. Rh5+ Kd4 44. Qg7+ Ke3 45. Qg1+ Kd3 46. Qb1+ Kd4 47. Qg1+ Kd3 48. Qb1+ Kd4 49. Qg1+ Ke4 50. Qb1+ 1/2-1/2

[Event "Charlotte Fall IM-A"]
[Site "Charlotte"]
[Date "2024.11.26"]
[Round "8"]
[White "Tang, Dylan"]
[Black "Macovei, Andrei"]
[Result "1/2-1/2"]
[WhiteElo "2192"]
[BlackElo "2476"]
[PlyCount "53"]
[EventDate "2024.11.22"]
[EventType "tourn"]
[EventRounds "9"]
[EventCountry "USA"]
[EventCategory "1"]
[SourceTitle "CB49_2024"]
[SourceDate "2024.12.04"]
[SourceVersion "1"]
[SourceVersionDate "2024.12.04"]
[SourceQuality "1"]

1. e4 e5 2. Nf3 Nc6 3. Bc4 Nf6 4. d3 h6 5. 0-0 d6 6. a4 g6 7. c3 Bg7 8. Nbd2 0-0 9. Re1 Kh8 10. Nf1 Nh7 11. d4 exd4 12. Nxd4 Bd7 13. Be3 Nf6 14. f3 Kh7 15. Bf2 a6 16. Nxc6 Bxc6 17. Qb3 Qd7 18. Ne3 b5 19. axb5 axb5 20. Bd3 Nh5 21. Nd5 Rfe8 22. Bf1 Be5 23. Nb4 Bb7 24. Nd5 Bc6 25. Nb4 Bb7 26. Nd5 Bc6 27. Nb4 1/2-1/2

[Event "Charlotte Fall IM-A"]
[Site "Charlotte"]
[Date "2024.11.25"]
[Round "6"]
[White "Bilych, Olexiy"]
[Black "Tang, Dylan"]
[Result "1-0"]
[WhiteElo "2429"]
[BlackElo "2192"]
[PlyCount "87"]
[EventDate "2024.11.22"]
[EventType "tourn"]
[EventRounds "9"]
[EventCountry "USA"]
[EventCategory "1"]
[SourceTitle "CB49_2024"]
[SourceDate "2024.12.04"]
[SourceVersion "1"]
[SourceVersionDate "2024.12.04"]
[SourceQuality "1"]

1. d4 Nf6 2. c4 e6 3. Nf3 d5 4. Nc3 Be7 5. Bg5 0-0 6. e3 h6 7. Bxf6 Bxf6 8. Qd2 b6 9. h4 dxc4 10. Bxc4 Bb7 11. 0-0-0 Nd7 12. e4 Be7 13. g4 Kh7 14. Ng5+ Kg8 15. f4 Nf6 16. Rdg1 c5 17. Nxe6 fxe6 18. Bxe6+ Kh8 19. d5 Bc8 20. Bxc8 Rxc8 21. e5 Ng8 22. d6 Qd7 23. f5 Bd8 24. Rh3 c4 25. e6 Qc6 26. g5 Rxf5 27. gxh6 Nxh6 28. Rhg3 Bf6 29. e7 Qd7 30. Rg6 Nf7 31. Ne4 Be5 32. Kb1 Rg8 33. h5 Qc6 34. Qg2 Rxh5 35. Rh1 Rh6 36. Rhxh6+ Nxh6 37. Qh1 Bf4 38. Qf3 Be5 39. Qe3 Kh7 40. Re6 Bf6 41. Rxf6 gxf6 42. Nxf6+ Kg6 43. Nxg8 Qh1+ 44. Kc2 1-0

[Event "Charlotte Fall IM-A"]
[Site "Charlotte"]
[Date "2024.11.25"]
[Round "7"]
[White "Tang, Dylan"]
[Black "Rao, Anjaneya Sripathy"]
[Result "1-0"]
[WhiteElo "2192"]
[BlackElo "2224"]
[PlyCount "61"]
[EventDate "2024.11.22"]
[EventType "tourn"]
[EventRounds "9"]
[EventCountry "USA"]
[EventCategory "1"]
[SourceTitle "CB49_2024"]
[SourceDate "2024.12.04"]
[SourceVersion "1"]
[SourceVersionDate "2024.12.04"]
[SourceQuality "1"]

1. e4 e6 2. d4 d5 3. Nd2 c5 4. exd5 exd5 5. Ngf3 Nf6 6. Bb5+ Bd7 7. Bxd7+ Nbxd7 8. dxc5 Nxc5 9. 0-0 Be7 10. Nb3 Nce4 11. Be3 0-0 12. c3 Qc7 13. h3 Rfd8 14. Nfd4 a5 15. a4 Ra6 16. Re1 Bd6 17. Nb5 Qc8 18. f3 Bb8 19. fxe4 Nxe4 20. Qg4 f5 21. Qf3 f4 22. Bf2 Rg6 23. Bh4 Re8 24. Rad1 Re5 25. Nd2 Rh6 26. Nxe4 dxe4 27. Rxe4 Rxh4 28. Rxe5 Bxe5 29. Qd5+ Kf8 30. Qxe5 f3 31. Qd6+ 1-0

[Event "Charlotte Fall IM-A"]
[Site "Charlotte"]
[Date "2024.11.23"]
[Round "4"]
[White "Atwell, Rose"]
[Black "Tang, Dylan"]
[Result "1/2-1/2"]
[WhiteElo "2164"]
[BlackElo "2192"]
[PlyCount "66"]
[EventDate "2024.11.22"]
[EventType "tourn"]
[EventRounds "9"]
[EventCountry "USA"]
[EventCategory "1"]
[SourceTitle "CB49_2024"]
[SourceDate "2024.12.04"]
[SourceVersion "1"]
[SourceVersionDate "2024.12.04"]
[SourceQuality "1"]

1. e4 e5 2. Nf3 Nc6 3. Bb5 Nf6 4. 0-0 Nxe4 5. Re1 Nd6 6. Nxe5 Nxe5 7. Rxe5+ Be7 8. Bf1 0-0 9. d4 Bf6 10. Re1 Nf5 11. c3 d5 12. Bf4 c6 13. Nd2 Nh4 14. a4 a5 15. Qb3 Bg5 16. Bxg5 Qxg5 17. Re3 Nf5 18. Nf3 Qd8 19. Ree1 Nd6 20. Bd3 Rb8 21. Qc2 g6 22. Qd2 Bf5 23. Ne5 f6 24. Bxf5 Nxf5 25. Nd3 Qd6 26. Nc5 b6 27. Re6 Qd8 28. Nd3 Qd7 29. Rae1 Rbe8 30. Rxe8 Rxe8 31. Kf1 Nd6 32. Rxe8+ Qxe8 33. Qe2 Kf7 1/2-1/2

[Event "San Jose 1000 GM Labor Day op"]
[Site "San Jose"]
[Date "2024.09.02"]
[Round "7"]
[White "Guo, Ethan"]
[Black "Tang, Dylan"]
[Result "1/2-1/2"]
[WhiteElo "2189"]
[BlackElo "2092"]
[PlyCount "49"]
[EventDate "2024.08.30"]
[EventType "swiss"]
[EventRounds "9"]
[EventCountry "USA"]
[SourceTitle "EXT 2025"]
[Source "ChessBase"]
[SourceDate "2024.10.14"]
[SourceVersion "1"]
[SourceVersionDate "2024.10.14"]
[SourceQuality "1"]

1. e4 e5 2. Nf3 Nc6 3. d4 exd4 4. Nxd4 Bc5 5. Nb3 Bb6 6. Nc3 Nf6 7. Bg5 h6 8. Bh4 d6 9. Qe2 Be6 10. 0-0-0 g5 11. Bg3 Qe7 12. e5 Bxb3 13. exf6 Qxe2 14. Bxe2 Be6 15. h4 0-0-0 16. Nd5 Rdg8 17. Bb5 gxh4 18. Rxh4 Bxd5 19. Rxd5 Rg6 20. Rf5 Nd4 21. Bd3 Rxg3 22. fxg3 Nxf5 23. Bxf5+ Kd8 24. Re4 Re8 25. Rxe8+ 1/2-1/2

[Event "San Jose 1000 GM Labor Day op"]
[Site "San Jose"]
[Date "2024.09.01"]
[Round "5"]
[White "Piasetski, Leon David"]
[Black "Tang, Dylan"]
[Result "1/2-1/2"]
[WhiteElo "2167"]
[BlackElo "2092"]
[PlyCount "35"]
[EventDate "2024.08.30"]
[EventType "swiss"]
[EventRounds "9"]
[EventCountry "USA"]
[SourceTitle "EXT 2025"]
[Source "ChessBase"]
[SourceDate "2024.10.14"]
[SourceVersion "1"]
[SourceVersionDate "2024.10.14"]
[SourceQuality "1"]

1. c4 e6 2. Nf3 Nf6 3. b3 d5 4. Bb2 Be7 5. e3 0-0 6. d4 b6 7. Bd3 Bb7 8. 0-0 c5 9. Nbd2 Nc6 10. Rc1 cxd4 11. exd4 Rc8 12. Qe2 Bd6 13. Ne5 Qe7 14. Rcd1 Rfd8 15. Ndf3 Rc7 16. Ng5 Qe8 17. f4 g6 18. Qf2 1/2-1/2

[Event "San Jose 1000 GM Labor Day op"]
[Site "San Jose"]
[Date "2024.08.30"]
[Round "1"]
[White "Chen, Ryo"]
[Black "Tang, Dylan"]
[Result "1/2-1/2"]
[WhiteElo "2408"]
[BlackElo "2092"]
[PlyCount "126"]
[EventDate "2024.08.30"]
[EventType "swiss"]
[EventRounds "9"]
[EventCountry "USA"]
[SourceTitle "EXT 2025"]
[Source "ChessBase"]
[SourceDate "2024.10.14"]
[SourceVersion "1"]
[SourceVersionDate "2024.10.14"]
[SourceQuality "1"]

1. e4 e5 2. Nf3 Nc6 3. Bb5 a6 4. Ba4 Nf6 5. Nc3 b5 6. Bb3 Bc5 7. Nd5 0-0 8. d3 Nxd5 9. Bxd5 Rb8 10. 0-0 Qe8 11. c3 Bb6 12. d4 d6 13. h3 Ne7 14. Bb3 Ng6 15. Re1 Be6 16. Bc2 h6 17. a4 c5 18. axb5 axb5 19. Be3 Qe7 20. b4 Rfd8 21. bxc5 dxc5 22. d5 c4 23. Qc1 Bxe3 24. Qxe3 Bd7 25. Ra6 Rdc8 26. Ra7 Ra8 27. Rea1 Rxa7 28. Rxa7 Qd6 29. Kh2 Ne7 30. Rb7 Rb8 31. Rxb8+ Qxb8 32. Qc5 Nc8 33. g3 f6 34. Nd2 Kf7 35. Kg2 Qa7 36. Qxa7 Nxa7 37. f4 Ke7 38. Kf3 Nc8 39. h4 Kd6 40. Ke3 Nb6 41. Nf3 Bc8 42. Ne1 Bg4 43. Ng2 Na4 44. Kd2 Nc5 45. Ne3 Bd7 46. Kc1 Kc7 47. Kb2 Kb6 48. Ka3 Kc7 49. Nf1 Bg4 50. Ne3 Bd7 51. Nf1 Bg4 52. Kb4 Kb6 53. Ne3 Bd7 54. fxe5 fxe5 55. Ka3 Kc7 56. Kb2 Kd6 57. Kc1 Ke7 58. Kb1 Kd6 59. Kc1 Ke7 60. Nf1 Bh3 61. Nd2 Bg4 62. Kb2 Kd6 63. Ka3 Kc7 1/2-1/2

[Event "Titled Tuesday intern op 27th Aug Late"]
[Site "Chess.com INT"]
[Date "2024.08.27"]
[Round "1"]
[White "Demidov, Mikhail"]
[Black "Tang, Dylan"]
[Result "1/2-1/2"]
[WhiteElo "2549"]
[BlackElo "2092"]
[PlyCount "159"]
[EventDate "2024.08.27"]
[EventType "swiss (blitz)"]
[EventRounds "11"]
[EventCountry "USA"]
[SourceTitle "EXT 2025"]
[Source "ChessBase"]
[SourceDate "2024.10.14"]
[SourceVersion "1"]
[SourceVersionDate "2024.10.14"]
[SourceQuality "1"]

1. Nf3 d5 2. d4 Nf6 3. Bf4 c5 4. dxc5 e6 5. e3 Bxc5 6. Be2 Nc6 7. 0-0 0-0 8. c4 b6 9. Nc3 dxc4 10. Bxc4 Bb7 11. Qe2 Qe7 12. Bg5 h6 13. Bh4 Rfd8 14. a3 Na5 15. Ba2 g5 16. Bg3 Nc6 17. Rac1 Bd6 18. Bb1 Rac8 19. Qc2 Bxg3 20. hxg3 Na5 21. Qe2 Nc4 22. Nd4 Ne5 23. Rfd1 Nc6 24. Nf3 Rxd1+ 25. Qxd1 Rd8 26. Qe2 Qd6 27. Nb5 Qe7 28. Nbd4 Nxd4 29. Nxd4 Rc8 30. Rxc8+ Bxc8 31. Bd3 e5 32. Qc2 Bd7 33. Nf5 Bxf5 34. Bxf5 Kg7 35. Qc3 Qd6 36. Bc2 a5 37. Kf1 Nd7 38. Qd3 Qxd3+ 39. Bxd3 Kf6 40. Ke2 Ke6 41. Bc4+ Ke7 42. Kd3 Nc5+ 43. Ke2 f6 44. Kf3 Na4 45. b3 Nc3 46. e4 Nb1 47. a4 Nd2+ 48. Kg4 Nxe4 49. f3 Nd2 50. Bg8 Kf8 51. Bd5 Kg7 52. Kf5 Nf1 53. Ke6 Nxg3 54. Kd6 Nf5+ 55. Kc7 Ne3 56. Be6 f5 57. Kxb6 Kf6 58. Bc8 h5 59. Kxa5 h4 60. b4 Nxg2 61. b5 Ne3 62. Ka6 h3 63. b6 h2 64. b7 h1Q 65. b8Q Qf1+ 66. Qb5 Qxb5+ 67. axb5 Nd5 68. Bb7 Nc3 69. b6 Na4 70. Bc6 Nxb6 71. Kxb6 g4 72. fxg4 fxg4 73. Kc5 Kg5 74. Kc4 Kf4 75. Kd3 Kg3 76. Ke2 Kh2 77. Kf1 g3 78. Bg2 e4 79. Bxe4 g2+ 80. Bxg2 1/2-1/2